བློ་གསར་ལམ་སྟོན་གྱི་སྙན་ངག་དབྱར་རྔའི་སྒྲ་དབྱངས། (Record no. 8648)
[ view plain ]
| 000 -LEADER | |
|---|---|
| fixed length control field | 00511nam a22001457a 4500 |
| 008 - FIXED-LENGTH DATA ELEMENTS--GENERAL INFORMATION | |
| fixed length control field | 210304b ||||| |||| 00| 0 eng d |
| 020 ## - INTERNATIONAL STANDARD BOOK NUMBER | |
| International Standard Book Number | 9789998080812 |
| 082 ## - DEWEY DECIMAL CLASSIFICATION NUMBER | |
| Classification number | 895.4 RIN |
| 100 ## - MAIN ENTRY--PERSONAL NAME | |
| Personal name | Rinzin, Tshewang |
| 245 ## - TITLE STATEMENT | |
| Title | བློ་གསར་ལམ་སྟོན་གྱི་སྙན་ངག་དབྱར་རྔའི་སྒྲ་དབྱངས། |
| 260 ## - PUBLICATION, DISTRIBUTION, ETC. | |
| Place of publication, distribution, etc. | Thimphu : |
| Name of publisher, distributor, etc. | Tango University of Buddhist Studies, |
| Date of publication, distribution, etc. | 2019. |
| 300 ## - PHYSICAL DESCRIPTION | |
| Extent | 248 p. |
| Dimensions | 21 cm. |
| 650 ## - SUBJECT ADDED ENTRY--TOPICAL TERM | |
| Topical term or geographic name entry element | སྙན་ངག |
| 942 ## - Added entry Elements (Koha) | |
| Source of classification or shelving scheme | Dewey Decimal Classification |
| Withdrawn status | Lost status | Source of classification or shelving scheme | Damaged status | Not for loan | Collection code | Home library | Current library | Shelving location | Date acquired | Serial Enumeration / chronology | Total Checkouts | Total Renewals | Full call number | Barcode | Date last seen | Date last checked out | Price effective from | Koha item type |
|---|---|---|---|---|---|---|---|---|---|---|---|---|---|---|---|---|---|---|
| Dewey Decimal Classification | Dzongkha | RTC Library | RTC Library | Dzongkha | 04/03/2021 | 14924 | 1 | 1 | 895.4 RIN | 30014169 | 04/10/2021 | 05/09/2021 | 04/03/2021 | Dzongkha | ||||
| Dewey Decimal Classification | Dzongkha | RTC Library | RTC Library | Dzongkha | 04/03/2021 | 14923 | 895.4 RIN | 30014325 | 04/03/2021 | 04/03/2021 | Dzongkha | |||||||
| Dewey Decimal Classification | Dzongkha | RTC Library | RTC Library | Dzongkha | 04/03/2021 | 14922 | 895.4 RIN | 30014234 | 04/03/2021 | 04/03/2021 | Dzongkha |